000 00283nam a22001217a 4500
008 170525b xxu||||| |||| 00| 0 eng d
041 _ager
080 _a621.3
100 _a26
101 _aIM
245 _aSCHALTKREISSYSTEME SIMATIC N UND SIMATIC NB
_cKUNZE,V.H
942 _2udc
_cBK
999 _c14244
_d14244